Представление документа в формате RUSMARC

ПолеНазваниеЗначение
  Тип записи g
  Библиографический уровень m
001 Контрольный номер RU/IS/BASE/527263960
005 Дата корректировки 20260423110907.0
010 Индекс ISBN __
a ISBN (в кор.)
d Цена 472-50
100 Данные общей обработки __
a Данные общей обработки 19160915d2015||||||| 0rusy0189 ca
101 Язык документа 0_
a Язык текста rus
102 Страна публикации __
a Страна публикации ru
105 Кодированные данные (монография) __
a Кодированные данные (монография) ||||||||000zy
127 Кодированные данные (звукозаписи-физические характеристики) __
a Продолжительность проигрывания 91 мин
200 Заглавие и сведения об ответственности 1_
a Заглавие Лермонтов
e Сведения, относящиеся к заглавию документально-биографический фильм : [12+]
f Первые сведения об ответственности [режиссер Максим Беспалый ; автор сценария Елена Сибирцева ; композитор Максим Войтов ; оператор Иван Бахварт ; продюсеры: Валерий Бабич и др. ; в ролях: Владимир Аблогин и др.]
b Общее обозначение материала Видеозапись
210 Выходные данные 1_
a Место издания Москва
c Издательство Киномир
c Издательство Lizard Cinema Trade
d Дата издания 2015
215 Физическое описание __
a Объем 1 электрон. опт. диск (DVD-Video)
c Иллюстрации/тип воспроизводства pal, цв.
d Формат 19х14 см
230 Специфическая характеристика материала: электронные ресурсы __
a Обозначение и объем ресурса Электронные видеоданные
300 Общие примечания __
a Общие примечания Заглавие с этикетки диска
300 Общие примечания __
a Общие примечания 200 лет со дня рождения великого русского поэта и писателя
300 Общие примечания __
a Общие примечания Фильм создан при поддержке Российского военно-исторического общества
300 Общие примечания __
a Общие примечания Фильм создан при финансовой поддержке Министерства культуры РФ
300 Общие примечания __
a Общие примечания На кор. и вып. дан. указ.: 18+
323 Примечание о главных создателях, исполнителях, участниках __
a Примечание о главных создателях, исполнителях, участниках Аблогин, В.
323 Примечание о главных создателях, исполнителях, участниках __
a Примечание о главных создателях, исполнителях, участниках Леванова, А.
323 Примечание о главных создателях, исполнителях, участниках __
a Примечание о главных создателях, исполнителях, участниках Ловкий, И.
323 Примечание о главных создателях, исполнителях, участниках __
a Примечание о главных создателях, исполнителях, участниках Серзин, С.
323 Примечание о главных создателях, исполнителях, участниках __
a Примечание о главных создателях, исполнителях, участниках Цыганцов, В.
323 Примечание о главных создателях, исполнителях, участниках __
a Примечание о главных создателях, исполнителях, участниках Лимин, А.
323 Примечание о главных создателях, исполнителях, участниках __
a Примечание о главных создателях, исполнителях, участниках Рассомахин, П.
323 Примечание о главных создателях, исполнителях, участниках __
a Примечание о главных создателях, исполнителях, участниках Свердлова, С.
323 Примечание о главных создателях, исполнителях, участниках __
a Примечание о главных создателях, исполнителях, участниках Гамуряк, Л.
323 Примечание о главных создателях, исполнителях, участниках __
a Примечание о главных создателях, исполнителях, участниках Колбасеев, Д.
330 Аннотация __
a Аннотация Биографический документально-художественный фильм, приуроченный к 200-летию со дня рождения великого русского поэта и прозаика. Лермонтов погиб на дуэли при странных обстоятельствах в 27 лет. Он вырос без родителей, дважды был всерьез влюблен, был окружен множеством друзей, прошел войну, но всю жизнь оставался крайне одиноким. Фильм расскажет о том, как события жизни Лермонтова тесно переплетены с сюжетами его произведений. Реальная жизнь поэта незримо переходит в его вымышленный мир, а герои и события его произведений дают ответы на биографические загадки в судьбе Лермонтова.
333 Примечание о целевом назначении __
a Примечание о целевом назначении 12+. Для детей старше 12 лет
337 Примечание о системных требованиях (электронные ресурсы) __
a Примечание о системных требованиях (электронные ресурсы) Рекомендуемое оборудование: DVD-плеер или компьютер с устройством чтения DVD-ROM ; формат 16:9
600 Персоналии _1
a Персоналии (Фамилия) Лермонтов, М. Ю.
c Дополнение к имени писатель русский
f Даты 1814-1841
g Полное имя Михаил Юрьевич
606 Тематические рубрики __
a Основная рубрика Литературоведение
606 Тематические рубрики __
a Основная рубрика Русская литература XIX в.
610 Ключевые слова 0_
a Ключевые слова биографии
a Ключевые слова биографические материалы
a Ключевые слова биографические сведения
a Ключевые слова биографические фильмы
a Ключевые слова документально-биографические фильмы
a Ключевые слова документальные фильмы
a Ключевые слова персоналии
a Ключевые слова писатели
a Ключевые слова поэты
a Ключевые слова тема жизни
a Ключевые слова тема судьбы
a Ключевые слова тема человека
686 Индексы других классификаций __
2 Код системы rubbks
a Классификационный индекс 83.3(2=411.2)52-8я04
702 Вторичная интеллектуальная ответственность _1
a Фамилия Беспалый
b Имя М.
4 Код отношения Режиссер
4 Код отношения 070
702 Вторичная интеллектуальная ответственность _1
a Фамилия Сибирцева
b Имя Е.
4 Код отношения Сценарист
4 Код отношения 690
702 Вторичная интеллектуальная ответственность _1
a Фамилия Бахварт
b Имя И.
4 Код отношения Оператор
4 Код отношения 600
702 Вторичная интеллектуальная ответственность _1
a Фамилия Войтов
b Имя М.
4 Код отношения Композитор
4 Код отношения 230
702 Вторичная интеллектуальная ответственность _1
a Фамилия Бабич
b Имя В.
4 Код отношения Продюсер
4 Код отношения 570
702 Вторичная интеллектуальная ответственность _1
a Фамилия Ряшин
b Имя В.
4 Код отношения Продюсер
4 Код отношения 570
702 Вторичная интеллектуальная ответственность _1
a Фамилия Титинков
b Имя С.
4 Код отношения Продюсер
4 Код отношения 570
702 Вторичная интеллектуальная ответственность _1
a Фамилия Эрнст
b Имя К.
4 Код отношения Продюсер
4 Код отношения 570
711 Наименование организации. (Альтернативная ответственность) 02
a Организация/ юрисдикция Российское военно-историческое общество
711 Наименование организации. (Альтернативная ответственность) 02
a Организация/ юрисдикция Российская Федерация
b Другие уровни Министерство культуры
801 Источник записи _0
a Страна ru
b Организация Муниципальное бюджетное учреждение культуры "Централизованная библиотечная система" г. Сургут (Центральная городская библиотека им. А. С. Пушкина)
c Дата составления 20160915
g Правила каталогизации КиК/Лукашук
801 Источник записи _1
a Страна ru
b Организация Муниципальное бюджетное учреждение культуры "Централизованная библиотечная система" г. Сургут (Центральная городская библиотека им. А. С. Пушкина)
c Дата составления 20160915
g Правила каталогизации КиК/Лукашук
852 Данные о местонахождении __
j Шифр хранения 83.3(2=411.2)52-8я04
i Авторский знак Л 49
901 Тип документа __
t Тип документа 0
903 Характеристики (МАРС) __
a Дата передачи 20160915
990 Данные о заказе (DOS) __
j Количество экземпляров (DOS) 2
t N записи в КСУ для И/У (DOS) 201609